|
|
|
|
| LEADER |
00000nam a22000007a 4500 |
| 005 |
20160520103755.0 |
| 007 |
cr|||| ||u| |
| 008 |
160520s2008 bl ||||| |||| 00||0 por d |
| 020 |
|
|
|a 978-85-89919-62-3
|
| 035 |
|
|
|a 14235
|
| 040 |
|
|
|a vLex
|
| 090 |
|
|
|c 6110
|d 6110
|
| 100 |
1 |
|
|a Lima e Silva, Adailson
|
| 245 |
1 |
0 |
|a Preclusô e Coisa Julgada
|h [Recurso electrn̤ico] /
|c Adailson Lima e Silva
|
| 256 |
|
|
|a Servicio en ln̕ea
|
| 260 |
|
|
|a Brasil
|b Pillares
|c 2008
|
| 300 |
|
|
|a 1 recurso electrn̤ico
|
| 500 |
|
|
|a O presente trabalho ̌fruto de nossa inquietaȯ̂ cientf̕ica, visto que nos deparv̀amos com matřias que atormentavam nossos alunos dos cursos de especializaȯ̂ em Direito Processual Civil, razô pela qual resolvemos sistematizar a matřia e tentar contribuir para o seu estudo ̉luz do processo civil do sčulo XXI, constitucionalizado que foi, iniciando sua entrada na ps̤-modernidade jurd̕ica. Nô ̌possv̕el sustentar o dogma da coisa julgada absolutamente irretocv̀el no direito processual civil brasileiro onde vinga a aȯ̂ declaratr̤ia de nulidade, que em nosso direito ̌a sucessora da vetusta querella nulitatis, bem assim da possibilidade de transaȯ̂, renn︢cia e remissô ao cumprimento de sentenȧ. Fatos que nos levam a concluir que a coisa julgada brasileira j ̀ ̌relativa, nô obstante careȧ ainda de ser sistematizada como instituto de direito constitucional e disciplinada pelo direito processual.
|
| 506 |
1 |
|
|a Contenido solo disponible en los productos indicados
|d vLex Global
|d vLex Global (Academic Edition, excluding Law Schools)
|d vLex Global (U.S. Academic Edition, Law Schools)
|d vLex Global (U.S. Academic Edition, excluding Law Schools)
|d vLex Global (Academic Edition, Law Schools)
|
| 650 |
0 |
4 |
|a Derecho
|z Brasil
|
| 740 |
0 |
|
|a vLex libros (servicio en ln̕ea)
|
| 856 |
4 |
0 |
|u http://vlex.com/source/preclus-o-e-coisa-julgada-14235
|z Acceso restringido
|
| 942 |
|
|
|c BOOK
|
| 999 |
0 |
|
|a Law
|b Brasil
|